[Event "DEM U10 2012"]
[Site "Oberhof GER"]
[Date "2012.05.27"]
[Round "2"]
[White "Baltic, Fatih"]
[Black "Mätzkow, Maximilian Paul"]
[Result "0-1"]
[Termination "normal"]
[Board "1"]
[WhiteElo "1379"]
[BlackElo "1685"]
[PlyCount "102"]
[WhiteFideId "12979090"]
[BlackFideId "24679933"]
[EventCountry "GER"]
[EventRounds "11"]
[EventType "swiss"]
[EventDate "2012.05.26"]

1. e4 c5 2. Nc3 Nc6 3. f4 g6 4. Nf3 Bg7 5. Bb5 e6 6. Bxc6 bxc6 7. O-O Ne7 8. d3
d5 9. Qe1 O-O 10. Bd2 Ba6 11. Ne5 Rb8 12. Rb1 Qd6 13. Kh1 f6 14. Nf3 d4 15. Ne2
e5 16. Qh4 c4 17. fxe5 fxe5 18. Bg5 Rbe8 19. Rbd1 cxd3 20. cxd3 c5 21. b3 Nc6
22. Kg1 Nb4 23. Nc1 Nc6 24. Nd2 Nd8 25. Nc4 Bxc4 26. bxc4 Ne6 27. Nb3 Nxg5 28.
Qxg5 h6 29. Qg3 Kh7 30. Rxf8 Rxf8 31. Rf1 h5 32. Rxf8 Qxf8 33. Qf3 Qe7 34. g3
Qc7 35. Kf2 a5 36. Kg2 a4 37. Nc1 Qa5 38. Qd1 Bh6 39. Ne2 Qb4 40. Kf1 Qb2 41.
Qxa4 Qb1+ 42. Kg2 Qxd3 43. Kf2 Qe3+ 44. Kf1 Qf3+ 45. Ke1 d3 46. Qd7+ Bg7 47.
Nc1 Qxe4+ 48. Kf2 Qxc4 49. Nxd3 Qxa2+ 50. Kg1 c4 51. Nc1 Qc2 0-1

[Event "DEM U10 2012"]
[Site "Oberhof GER"]
[Date "2012.05.27"]
[Round "2"]
[White "Rose, Luis Stratos"]
[Black "Wierzbicki, Jirawat"]
[Result "0-1"]
[Termination "normal"]
[Board "2"]
[WhiteElo "1372"]
[BlackElo "1541"]
[PlyCount "68"]
[WhiteFideId "12976008"]
[BlackFideId "1153579"]
[EventCountry "GER"]
[EventRounds "11"]
[EventType "swiss"]
[EventDate "2012.05.26"]

1. d4 d5 2. Nf3 Nf6 3. c4 dxc4 4. e3 Bg4 5. Bxc4 e6 6. Nc3 a6 7. O-O Nc6 8. h3
Bh5 9. Bd2 Bd6 10. Re1 O-O 11. Qe2 e5 12. g4 Bg6 13. dxe5 Nxe5 14. Nxe5 Bxe5
15. f4 Bxc3 16. Bxc3 Be4 17. Red1 Bd5 18. g5 Bxc4 19. Qxc4 Qe7 20. gxf6 Qxe3+
21. Kg2 b5 22. Qd4 Qe2+ 23. Kg1 g6 24. Qf2 Qe6 25. Qg3 Rfe8 26. Re1 Qb6+ 27.
Kh2 b4 28. Rxe8+ Rxe8 29. Re1 Rd8 30. Qd3 c5 31. Qe3 Qc6 32. Qe7 Qc8 33. Be5 h6
34. Bd6 Qa8 0-1

[Event "DEM U10 2012"]
[Site "Oberhof GER"]
[Date "2012.05.27"]
[Round "2"]
[White "Roth, Jakob"]
[Black "Rockmann, Jan-Okke"]
[Result "0-1"]
[Termination "normal"]
[Board "4"]
[WhiteElo "1367"]
[BlackElo "1767"]
[PlyCount "68"]
[WhiteFideId "12952605"]
[BlackFideId "12942111"]
[EventCountry "GER"]
[EventRounds "11"]
[EventType "swiss"]
[EventDate "2012.05.26"]

1. d4 d5 2. c4 c6 3. Nf3 Nf6 4. Nc3 Bf5 5. Bg5 e6 6. e3 Be7 7. Rc1 O-O 8. Bd3
Bxd3 9. Qxd3 Nbd7 10. O-O Qb6 11. b3 Rfd8 12. Rfd1 Qa6 13. Ne5 dxc4 14. Nxc4 c5
15. Qb1 cxd4 16. Rxd4 h6 17. Bf4 Rac8 18. Bd6 Bxd6 19. Rxd6 Rc6 20. Rcd1 b5 21.
Ne4 Nd5 22. Rxc6 Qxc6 23. Ncd6 f5 24. Rc1 Qa6 25. h3 fxe4 26. Nxe4 Rc8 27.
Rxc8+ Qxc8 28. Nd6 Qc6 29. Ne8 Ne5 30. Qe4 Nf7 31. Nxg7 Kxg7 32. Qg4+ Kf8 33.
Qd4 a5 34. Qa7 Qc1+ 0-1

[Event "DEM U10 2012"]
[Site "Oberhof GER"]
[Date "2012.05.27"]
[Round "2"]
[White "Meyling, Lennart"]
[Black "Rosenhain, Rachela"]
[Result "1-0"]
[Termination "normal"]
[Board "5"]
[WhiteElo "1572"]
[BlackElo "1368"]
[PlyCount "111"]
[WhiteFideId "12947130"]
[BlackFideId "12957615"]
[EventCountry "GER"]
[EventRounds "11"]
[EventType "swiss"]
[EventDate "2012.05.26"]

1. e4 c5 2. Nf3 e6 3. b3 Nc6 4. Bb2 Nf6 5. Nc3 d5 6. exd5 exd5 7. d4 Be6 8. Bb5
Be7 9. O-O O-O 10. Re1 a6 11. Bxc6 bxc6 12. Ne5 Qc7 13. Na4 cxd4 14. Bxd4 c5
15. Bb2 Bd6 16. h3 d4 17. Nf3 Bd5 18. c3 dxc3 19. Nxc3 Bb7 20. Na4 Be7 21. Qe2
Nd5 22. Rad1 Rfe8 23. Be5 Bd6 24. Bxd6 Rxe2 25. Bxc7 Rxe1+ 26. Rxe1 Nxc7 27.
Nxc5 Bxf3 28. gxf3 h6 29. Re7 Nd5 30. Rd7 Nb4 31. a3 Nc2 32. a4 Nb4 33. Rb7 Nd5
34. Rd7 Nb4 35. Rd4 Nc6 36. Rd6 Nb4 37. Rb6 Nd5 38. Rxa6 Rb8 39. a5 Nb4 40. Rb6
Rxb6 41. axb6 Nc6 42. b7 Nb8 43. b4 Kf8 44. b5 Ke7 45. Na6 Nd7 46. b8=Q Nxb8
47. Nxb8 Kd6 48. Na6 Kd7 49. Kg2 Kc8 50. Nc5 Kc7 51. Na4 Kb7 52. Kg3 f6 53. Kf4
g6 54. Ke4 f5+ 55. Ke5 Kc7 56. Kf6 1-0

[Event "DEM U10 2012"]
[Site "Oberhof GER"]
[Date "2012.05.27"]
[Round "2"]
[White "Merk, Daniel"]
[Black "Mantel, Ruben"]
[Result "1/2-1/2"]
[Termination "normal"]
[Board "6"]
[WhiteElo "1312"]
[BlackElo "1539"]
[PlyCount "90"]
[WhiteFideId "12938386"]
[BlackFideId "12930121"]
[EventCountry "GER"]
[EventRounds "11"]
[EventType "swiss"]
[EventDate "2012.05.26"]

1. e4 c5 2. c3 d6 3. d4 cxd4 4. cxd4 g6 5. Nc3 Bg7 6. Nf3 Nc6 7. Be3 Nf6 8. d5
Nb8 9. Bd3 Nbd7 10. O-O O-O 11. h3 a6 12. a4 Nh5 13. Be2 Nhf6 14. Bd3 Ne8 15.
Bf4 Nc5 16. Bc2 Nf6 17. Qd2 b6 18. Rad1 Bb7 19. b4 Ncd7 20. Rfe1 Nh5 21. Bh2
Qc7 22. Ne2 a5 23. Rc1 Qb8 24. b5 Nc5 25. Ned4 Qc7 26. Nc6 Bxc6 27. dxc6 Rad8
28. Qe3 e5 29. Nd2 f5 30. Nb1 f4 31. Qf3 Ne6 32. Bb3 Rde8 33. Qg4 Nf6 34. Qf3
Kh8 35. Bxe6 Rxe6 36. Qb3 Ree8 37. Nc3 Bh6 38. Rcd1 g5 39. Nd5 Nxd5 40. Rxd5
Rf6 41. Red1 Rg6 42. Qd3 Ree6 43. f3 Bf8 44. Kf1 h5 45. Qe2 h4 1/2-1/2

[Event "DEM U10 2012"]
[Site "Oberhof GER"]
[Date "2012.05.27"]
[Round "2"]
[White "Wong, Gengchun"]
[Black "Roseneck, Jonas"]
[Result "1-0"]
[Termination "normal"]
[Board "7"]
[WhiteElo "1511"]
[BlackElo "1342"]
[PlyCount "190"]
[WhiteFideId "12963283"]
[BlackFideId "12939870"]
[EventCountry "GER"]
[EventRounds "11"]
[EventType "swiss"]
[EventDate "2012.05.26"]

1. e4 c5 2. Nf3 d6 3. d4 cxd4 4. Nxd4 Nf6 5. Nc3 a6 6. Bd3 e6 7. O-O b5 8. Kh1
Bb7 9. f4 b4 10. Na4 Nxe4 11. Qe2 d5 12. Nb3 Nd7 13. Be3 Rc8 14. Rad1 Nec5 15.
Naxc5 Bxc5 16. f5 Bxe3 17. fxe6 fxe6 18. Qxe3 Qe7 19. Rde1 e5 20. Nd4 Kd8 21.
Nf5 Qf6 22. Qd2 Qc6 23. Qg5+ Qf6 24. Qxf6+ Nxf6 25. Nd6 Rc7 26. Rxe5 Kd7 27.
Nxb7 Rxb7 28. Rfe1 Kd6 29. Re6+ Kc5 30. Rxa6 Re8 31. Rxe8 Nxe8 32. Kg1 Nf6 33.
h3 Re7 34. Kf2 Ne4+ 35. Kf3 Rf7+ 36. Ke3 Re7 37. Bxe4 Rxe4+ 38. Kd2 Rf4 39. Re6
Rf2+ 40. Re2 Rf6 41. Kd3 Ra6 42. Re7 Rg6 43. g4 Kd6 44. Rb7 Kc5 45. a3 bxa3 46.
bxa3 h5 47. Rb4 Rf6 48. Ke3 h4 49. g5 Rf5 50. Rg4 g6 51. a4 Re5+ 52. Kd3 Rf5
53. Kd2 Rf2+ 54. Kc1 Rf5 55. Kb2 d4 56. a5 Kb5 57. Rxd4 Kxa5 58. Rxh4 Rxg5 59.
Rg4 Rb5+ 60. Kc3 g5 61. Kd3 Rf5 62. Rg3 Kb5 63. c3 Kc6 64. Ke4 Rc5 65. Kd4 Rf5
66. Kd3 Kd6 67. Re3 Kd5 68. Ke2 Kd6 69. Rf3 Ra5 70. Kf2 Ke5 71. Kg3 Ra4 72. Rf2
Rc4 73. Rf3 Ra4 74. Kf2 Ra2+ 75. Ke3 Ra3 76. Kd3 Ra4 77. Rf2 Rh4 78. Re2+ Kd5
79. Re3 Ra4 80. Rg3 Rh4 81. Rxg5+ Kd6 82. Rg3 Kd5 83. Ke2 Ke5 84. Rf3 Kd5 85.
Kf2 Ke4 86. Ke2 Kd5 87. Re3 Rh8 88. Kf2 Kc4 89. Kg3 Rg8+ 90. Kf4 Kb3 91. h4 Kc4
92. h5 Kb3 93. h6 Kc4 94. h7 Rh8 95. Rh3 Kd5 1-0

[Event "DEM U10 2012"]
[Site "Oberhof GER"]
[Date "2012.05.27"]
[Round "2"]
[White "Kopylov, Daniel"]
[Black "ter Stal, Sven"]
[Result "0-1"]
[Termination "normal"]
[Board "8"]
[WhiteElo "1623"]
[BlackElo "1498"]
[PlyCount "58"]
[WhiteFideId "12921971"]
[BlackFideId "12946443"]
[EventCountry "GER"]
[EventRounds "11"]
[EventType "swiss"]
[EventDate "2012.05.26"]

1. d4 Nf6 2. c4 e6 3. Nc3 Bb4 4. Nf3 b6 5. Bg5 h6 6. Bh4 Bb7 7. Qc2 O-O 8. e3
Na6 9. a3 Bxc3+ 10. Qxc3 c5 11. Be2 Ne4 12. Bxd8 Nxc3 13. Bh4 Nxe2 14. Kxe2
Rac8 15. Rac1 f5 16. Ne5 g5 17. Bg3 Rfd8 18. f3 Nb8 19. h3 Nc6 20. Nxc6 Bxc6
21. Rhd1 Bb7 22. b4 cxd4 23. exd4 f4 24. Bf2 Rc7 25. Rd2 Rdc8 26. Rdc2 Ba6 27.
b5 Bxb5 28. Kd3 Ba6 29. a4 d5 0-1

[Event "DEM U10 2012"]
[Site "Oberhof GER"]
[Date "2012.05.27"]
[Round "2"]
[White "Schilay, Lorenz"]
[Black "Vaintroub, Maximilian"]
[Result "1-0"]
[Termination "normal"]
[Board "9"]
[WhiteElo "1494"]
[BlackElo "1302"]
[PlyCount "115"]
[WhiteFideId "12930180"]
[BlackFideId "12942510"]
[EventCountry "GER"]
[EventRounds "11"]
[EventType "swiss"]
[EventDate "2012.05.26"]

1. e4 c5 2. Nc3 Nc6 3. f4 g6 4. Nf3 Bg7 5. Bc4 d6 6. d3 Nf6 7. O-O O-O 8. Qe1
a6 9. a4 Bd7 10. Qh4 e6 11. Ng5 h6 12. Nf3 Nh5 13. Qf2 Nd4 14. Kh1 Nxf3 15.
Qxf3 Bc6 16. Qf2 d5 17. exd5 exd5 18. Bb3 d4 19. Ne2 Re8 20. Ng1 Qe7 21. Bd2
Rad8 22. Rae1 Qd7 23. Qh4 Rxe1 24. Bxe1 Bf6 25. Qf2 Bxa4 26. Bxa4 Qxa4 27. f5
Rd5 28. fxg6 fxg6 29. g4 Qc6 30. gxh5 Rxh5+ 31. Qg2 Be5 32. h3 Qxg2+ 33. Kxg2
Rg5+ 34. Kf2 Bg3+ 35. Ke2 Re5+ 36. Kd2 Bxe1+ 37. Rxe1 Rxe1 38. Kxe1 b5 39. Nf3
Kf7 40. Ne5+ Kg7 41. b3 h5 42. Nd7 c4 43. dxc4 bxc4 44. bxc4 Kf7 45. Ne5+ Kf6
46. Nc6 g5 47. Nxd4 g4 48. hxg4 hxg4 49. Kf2 Ke5 50. c5 a5 51. Nb3 Kd5 52. Nxa5
Kxc5 53. Nb3+ Kc4 54. Na1 Kc3 55. Kg3 Kb2 56. c4 Kxa1 57. c5 Ka2 58. c6 1-0

[Event "DEM U10 2012"]
[Site "Oberhof GER"]
[Date "2012.05.27"]
[Round "2"]
[White "Hofele, Mathis"]
[Black "Biastoch, Bennet"]
[Result "0-1"]
[Termination "normal"]
[Board "10"]
[WhiteElo "1273"]
[BlackElo "1488"]
[PlyCount "94"]
[WhiteFideId "12963844"]
[BlackFideId "12939889"]
[EventCountry "GER"]
[EventRounds "11"]
[EventType "swiss"]
[EventDate "2012.05.26"]

1. e4 c5 2. Nf3 d6 3. d4 cxd4 4. Nxd4 Nf6 5. Nc3 a6 6. Be3 Ng4 7. Qd2 Nxe3 8.
Qxe3 e6 9. O-O-O Be7 10. Kb1 O-O 11. Be2 Nc6 12. f4 Bd7 13. Rhf1 b5 14. Bf3 Rc8
15. g4 b4 16. Nce2 Nxd4 17. Nxd4 Qa5 18. Nb3 Qc7 19. Rd2 a5 20. f5 h6 21. Rg2
Bb5 22. Rh1 Bh4 23. Nd4 Qc5 24. fxe6 fxe6 25. Bd1 Bf6 26. Re1 Qxd4 27. Qxd4
Bxd4 28. Be2 Bxe2 29. Rgxe2 Rf2 30. Rxf2 Bxf2 31. Rf1 Rf8 32. a3 bxa3 33. bxa3
Bc5 34. Rxf8+ Kxf8 35. a4 Kf7 36. Kc1 Kf6 37. Kd2 Ke5 38. Kd3 Kf4 39. h3 Kg3
40. Ke2 Kxh3 41. Kf3 e5 42. c3 g6 43. c4 g5 44. Ke2 Kxg4 45. Kf1 Kf3 46. Ke1 g4
47. Kf1 g3 0-1

[Event "DEM U10 2012"]
[Site "Oberhof GER"]
[Date "2012.05.27"]
[Round "2"]
[White "Keymer, Vincent"]
[Black "Heckmann, Till"]
[Result "1-0"]
[Termination "normal"]
[Board "11"]
[WhiteElo "1721"]
[BlackElo "1282"]
[PlyCount "91"]
[WhiteFideId "12940690"]
[BlackFideId "12987093"]
[EventCountry "GER"]
[EventRounds "11"]
[EventType "swiss"]
[EventDate "2012.05.26"]

1. d4 Nf6 2. c4 e6 3. Nc3 d5 4. e3 Nbd7 5. Nf3 b6 6. cxd5 exd5 7. Bd3 Bb7 8.
O-O Bd6 9. Qc2 O-O 10. Nb5 a6 11. Nxd6 cxd6 12. b3 Rc8 13. Qe2 b5 14. Ba3 Qe7
15. Nh4 g6 16. Nf3 Ne4 17. Nd2 f5 18. Bb2 Ndf6 19. f3 Nc3 20. Bxc3 Rxc3 21. Nb1
Rc7 22. Re1 Rfc8 23. Nd2 Rc3 24. Nf1 Nh5 25. Ng3 Nxg3 26. hxg3 Qg5 27. Kf2 Re8
28. Rh1 Re7 29. Rac1 Rxc1 30. Rxc1 Qh6 31. f4 Qh2 32. a4 bxa4 33. bxa4 a5 34.
Ba6 Kg7 35. Rb1 Bc6 36. Bb5 Rb7 37. Qc2 Bxb5 38. Rxb5 Rxb5 39. axb5 Kf6 40. Qc7
Ke6 41. Qc8+ Kf6 42. b6 h5 43. b7 g5 44. b8=Q gxf4 45. Qf8+ Kg6 46. Qbe8+ 1-0

[Event "DEM U10 2012"]
[Site "Oberhof GER"]
[Date "2012.05.27"]
[Round "2"]
[White "Suvorov, Luca"]
[Black "Yankelevich, Michael"]
[Result "1-0"]
[Termination "normal"]
[Board "12"]
[WhiteElo "1255"]
[BlackElo "1718"]
[PlyCount "97"]
[WhiteFideId "12977071"]
[BlackFideId "12921440"]
[EventCountry "GER"]
[EventRounds "11"]
[EventType "swiss"]
[EventDate "2012.05.26"]

1. d4 Nf6 2. Nf3 d5 3. c4 Nc6 4. e3 Bg4 5. Nc3 e6 6. cxd5 Nxd5 7. Be2 Bb4 8.
Bd2 Nxc3 9. bxc3 Bd6 10. O-O Qf6 11. e4 Bf4 12. Qc1 Bxd2 13. Qxd2 Qg6 14. Qf4
h5 15. Nh4 Qh6 16. Qxh6 Rxh6 17. f3 g5 18. fxg4 hxg4 19. Nf5 exf5 20. Rxf5 g3
21. hxg3 Rg6 22. Bh5 Rg7 23. Raf1 Nd8 24. e5 a5 25. e6 Nxe6 26. Bxf7+ Ke7 27.
Bxe6 Kxe6 28. c4 Rd8 29. Re5+ Kd6 30. Rd5+ Ke7 31. Re1+ Kf6 32. Rxd8 b6 33. g4
Kg6 34. Re6+ Kh7 35. Rde8 c5 36. dxc5 bxc5 37. R8e7 Rxe7 38. Rxe7+ Kg6 39. Re5
Kf6 40. Rxc5 a4 41. Rd5 Ke6 42. Rd1 Ke7 43. c5 Kf6 44. c6 Ke5 45. c7 Kf4 46.
c8=Q a3 47. Qf5+ Kg3 48. Qf3+ Kh4 49. Qh3# 1-0

[Event "DEM U10 2012"]
[Site "Oberhof GER"]
[Date "2012.05.27"]
[Round "2"]
[White "Rößler, Lukas"]
[Black "Liebeck, Eddie"]
[Result "1-0"]
[Termination "normal"]
[Board "13"]
[WhiteElo "1515"]
[BlackElo "1273"]
[PlyCount "155"]
[WhiteFideId "12938718"]
[BlackFideId "12945854"]
[EventCountry "GER"]
[EventRounds "11"]
[EventType "swiss"]
[EventDate "2012.05.26"]

1. e4 e5 2. Nf3 Nc6 3. Bb5 Bc5 4. O-O d6 5. h3 Nge7 6. c3 O-O 7. d4 exd4 8.
cxd4 Bb6 9. Nc3 Bd7 10. Be3 a6 11. Ba4 Na7 12. Bxd7 Qxd7 13. Qd2 Ba5 14. a3 Nb5
15. b4 Nxc3 16. Qxc3 Bb6 17. d5 Bxe3 18. Qxe3 Rfe8 19. Qd3 Ng6 20. Rfe1 Ne5 21.
Nxe5 Rxe5 22. Re2 Rae8 23. Rae1 Qe7 24. f4 Rh5 25. Qf3 Rh6 26. e5 Qd7 27. exd6
Rxe2 28. Qxe2 Qxd6 29. Qe8+ Qf8 30. Qa4 c6 31. dxc6 Rxc6 32. Qd1 h6 33. Qd7 Re6
34. Rxe6 fxe6 35. Qxe6+ Kh8 36. Qg4 a5 37. f5 Qf6 38. Qf3 Qd4+ 39. Kh1 axb4 40.
f6 gxf6 41. axb4 Qa1+ 42. Kh2 Qe5+ 43. Qg3 Kh7 44. Qxe5 fxe5 45. Kg3 Kg6 46.
Kf3 Kf5 47. g4+ Kg5 48. Ke4 Kf6 49. h4 Ke6 50. g5 h5 51. g6 Kf6 52. g7 Kxg7 53.
Kxe5 Kf7 54. Kf5 Ke7 55. Kg5 Ke6 56. Kxh5 Kf5 57. b5 b6 58. Kh6 Kf6 59. h5 Ke5
60. Kg7 Kd5 61. h6 Kc5 62. h7 Kxb5 63. h8=Q Ka4 64. Qh1 b5 65. Qb1 b4 66. Kf6
Kb5 67. Ke5 Kc4 68. Ke4 Kc3 69. Kd5 b3 70. Kc5 b2 71. Kd5 Kb3 72. Kd4 Ka3 73.
Kc3 Ka4 74. Qxb2 Ka5 75. Kc4 Ka6 76. Kc5 Ka7 77. Kc6 Ka8 78. Qb7# 1-0

[Event "DEM U10 2012"]
[Site "Oberhof GER"]
[Date "2012.05.27"]
[Round "2"]
[White "Schütze, Tim"]
[Black "Engel, Luis"]
[Result "0-1"]
[Termination "normal"]
[Board "14"]
[WhiteElo "1231"]
[BlackElo "1463"]
[PlyCount "196"]
[WhiteFideId "12939706"]
[BlackFideId "12961523"]
[EventCountry "GER"]
[EventRounds "11"]
[EventType "swiss"]
[EventDate "2012.05.26"]

1. e4 c5 2. Nf3 d6 3. d4 cxd4 4. Nxd4 Nf6 5. Nc3 a6 6. Bc4 Qc7 7. Bb3 g6 8. O-O
Bg7 9. f3 O-O 10. Be3 Nbd7 11. Nd5 Qd8 12. c3 Nc5 13. Re1 Nxb3 14. Qxb3 Nd7 15.
a4 Nc5 16. Qb6 Qxb6 17. Nxb6 Rb8 18. b4 Ne6 19. Red1 Rd8 20. a5 Bd7 21. Rd3 Nc7
22. Rc1 Na8 23. Nb3 Nxb6 24. Bxb6 Rdc8 25. f4 Bb5 26. Re3 Bh6 27. g3 e5 28. Rf3
Bc6 29. Re1 exf4 30. gxf4 f5 31. Nd2 Re8 32. Bc7 Rbc8 33. Bxd6 Bxe4 34. Nxe4
Rxe4 35. Rxe4 fxe4 36. Re3 Rc4 37. Kg2 Kf7 38. Be5 Ke6 39. Bd4 Kf5 40. Rh3 Bxf4
41. Rxh7 Rc7 42. Rxc7 Bxc7 43. Be3 Be5 44. Bd2 g5 45. h3 Bf4 46. Be1 Ke5 47.
Kf2 Kd5 48. Ke2 Kc4 49. Bd2 Bxd2 50. Kxd2 e3+ 51. Kxe3 Kxc3 52. Ke4 Kxb4 53.
Kf5 Kxa5 54. Kxg5 b5 55. h4 b4 56. h5 b3 57. h6 b2 58. h7 b1=Q 59. h8=Q Qc1+
60. Kf5 Qc2+ 61. Kg5 Qg2+ 62. Kf5 Qd5+ 63. Kg4 Qe6+ 64. Kf4 Qc4+ 65. Kf5 Kb4
66. Qb2+ Ka5 67. Qa3+ Kb6 68. Qd6+ Kb7 69. Ke5 Qe2+ 70. Kf5 Qh5+ 71. Ke4 Qh1+
72. Kf5 Qb1+ 73. Ke5 Qb5+ 74. Qd5+ Kb6 75. Kd4 Qxd5+ 76. Kxd5 Kb5 77. Kd4 Kb4
78. Kd3 Kb3 79. Kd2 Kb2 80. Kd3 a5 81. Kc4 a4 82. Kb4 a3 83. Kc5 a2 84. Kd5
a1=Q 85. Ke5 Qa4 86. Kd5 Qf4 87. Kc5 Qe4 88. Kd6 Qf5 89. Kc6 Qe5 90. Kb6 Qd5
91. Kc7 Qe6 92. Kb7 Qd6 93. Ka8 Qd7 94. Kb8 Kb3 95. Ka8 Kb4 96. Kb8 Kb5 97. Ka8
Kb6 98. Kb8 Qb7# 0-1

[Event "DEM U10 2012"]
[Site "Oberhof GER"]
[Date "2012.05.27"]
[Round "2"]
[White "Becker, Silke"]
[Black "Shoipov, Dennie"]
[Result "0-1"]
[Termination "normal"]
[Board "15"]
[WhiteElo "1222"]
[BlackElo "1447"]
[PlyCount "102"]
[WhiteFideId "12966452"]
[BlackFideId "14137755"]
[EventCountry "GER"]
[EventRounds "11"]
[EventType "swiss"]
[EventDate "2012.05.26"]

1. e4 e5 2. Bc4 Nf6 3. d3 Nc6 4. Nf3 Bc5 5. Nc3 d6 6. Bg5 Be6 7. Qe2 h6 8. Bh4
Bd4 9. Nxd4 Nxd4 10. Qd2 Bh3 11. O-O-O Bxg2 12. Rhg1 Nf3 13. Bxf6 gxf6 14. Qe3
Nh4 15. Qg3 f5 16. Rxg2 Nxg2 17. Qxg2 Qg5+ 18. Qxg5 hxg5 19. exf5 c6 20. d4 d5
21. Be2 exd4 22. Rxd4 O-O-O 23. Rg4 f6 24. Rg2 Rde8 25. Bf3 Re1+ 26. Kd2 Rh1
27. Ke2 R1xh2 28. Rg4 R8h4 29. Rg3 Kc7 30. Ke3 d4+ 31. Ke2 dxc3 32. bxc3 Ra4
33. Ke3 Rxa2 34. Be4 Ra3 35. Ke2 Rh4 36. Kd3 Ra1 37. Bf3 Kd6 38. Ke3 Ke5 39.
Bg4 Re1+ 40. Kf3 Re4 41. Rg2 Rf4+ 42. Kg3 Rfxg4+ 43. Kf3 Rxg2 44. Kxg2 a5 45.
c4 a4 46. c5 a3 47. f4+ Kxf4 48. c4 a2 49. Kf2 Rh2+ 50. Kg1 Rb2 51. Kf1 a1=R#
0-1

[Event "DEM U10 2012"]
[Site "Oberhof GER"]
[Date "2012.05.27"]
[Round "2"]
[White "Graf, Justus Felix"]
[Black "Staufenberger, Philipp"]
[Result "1-0"]
[Termination "normal"]
[Board "16"]
[WhiteElo "1507"]
[BlackElo "1234"]
[PlyCount "111"]
[WhiteFideId "12929212"]
[BlackFideId "12970883"]
[EventCountry "GER"]
[EventRounds "11"]
[EventType "swiss"]
[EventDate "2012.05.26"]

1. e4 e6 2. d4 d5 3. Nc3 Bb4 4. Bd3 Nc6 5. a3 Ba5 6. Nf3 Nge7 7. O-O O-O 8. e5
f6 9. exf6 Rxf6 10. Bg5 Rf7 11. Re1 Qd6 12. Nb5 Qd7 13. b4 a6 14. Nc3 Bb6 15.
b5 Nxd4 16. Ne5 Qe8 17. Nxf7 Qxf7 18. Bxe7 Qxe7 19. Nxd5 Qc5 20. Nxb6 Qxb6 21.
bxa6 bxa6 22. Rb1 Qc5 23. Rb4 Nf5 24. Be4 a5 25. Bxa8 axb4 26. Qd8+ Qf8 27.
Qxf8+ Kxf8 28. axb4 Nd4 29. Rd1 Ne2+ 30. Kf1 Ba6 31. Ke1 Ke7 32. Bc6 e5 33. b5
Bxb5 34. Bxb5 Nc3 35. Bc4 Nxd1 36. Kxd1 Kd6 37. Kd2 Kc5 38. Kd3 c6 39. Bg8 h6
40. Ke4 Kd6 41. Kf5 Kc5 42. Kxe5 Kb4 43. Kf5 Kc3 44. Bb3 Kd2 45. Kg6 Ke2 46. f4
Kf2 47. Kxg7 Kxg2 48. f5 Kxh2 49. f6 h5 50. f7 Kg3 51. f8=Q h4 52. Qf1 h3 53.
Qh1 Kh4 54. Qg1 c5 55. Be6 c4 56. Qg4# 1-0

[Event "DEM U10 2012"]
[Site "Oberhof GER"]
[Date "2012.05.27"]
[Round "2"]
[White "Dobrikov, Marco"]
[Black "Mertens, Yannick"]
[Result "1-0"]
[Termination "normal"]
[Board "17"]
[WhiteElo "1217"]
[BlackElo "1701"]
[PlyCount "125"]
[WhiteFideId "12950378"]
[BlackFideId "12947865"]
[EventCountry "GER"]
[EventRounds "11"]
[EventType "swiss"]
[EventDate "2012.05.26"]

1. e4 e6 2. d4 d5 3. e5 c5 4. c3 Nc6 5. Nf3 Qb6 6. a3 cxd4 7. cxd4 Nge7 8. b4
Nf5 9. Bb2 a6 10. g4 Nfe7 11. Nc3 Ng6 12. Na4 Qd8 13. Qd2 Bd7 14. Nc3 Be7 15.
Bd3 Nh4 16. Nxh4 Bxh4 17. Bc2 Bg5 18. Qd3 b5 19. Ne2 a5 20. Qb3 axb4 21. axb4
Rxa1+ 22. Bxa1 Be7 23. Bc3 Qc8 24. O-O O-O 25. Ra1 Qb7 26. Qb1 Kh8 27. Bxh7 g6
28. Bxg6 fxg6 29. Qxg6 Rb8 30. Nf4 Bf8 31. Nxe6 Bxe6 32. Qxe6 Bxb4 33. Bxb4
Nxb4 34. Qf6+ Qg7 35. Qd6 Qf8 36. Qxf8+ Rxf8 37. Rb1 Nc6 38. Rxb5 Nxd4 39. Rxd5
Ne2+ 40. Kf1 Nf4 41. Rd6 Kg8 42. h4 Re8 43. Rf6 Nd5 44. Rf5 Nb4 45. h5 Nd3 46.
f4 Rf8 47. Rxf8+ Kxf8 48. Kg2 Nxf4+ 49. Kf3 Ne6 50. Ke4 Kg7 51. Kd5 Nf4+ 52.
Kd6 Kf7 53. Kd7 Nd5 54. e6+ Kg7 55. e7 Nf6+ 56. Ke6 Ne8 57. g5 Kh7 58. Kf7 Nd6+
59. Kf8 Kh8 60. g6 Nf5 61. e8=Q Ng7 62. Qf7 Ne6+ 63. Ke7 1-0

[Event "DEM U10 2012"]
[Site "Oberhof GER"]
[Date "2012.05.27"]
[Round "2"]
[White "Niemann, Alexander"]
[Black "Fesselier, Chelsea"]
[Result "1-0"]
[Termination "normal"]
[Board "18"]
[WhiteElo "1403"]
[BlackElo "1228"]
[PlyCount "83"]
[WhiteFideId "12939862"]
[BlackFideId "26024624"]
[EventCountry "GER"]
[EventRounds "11"]
[EventType "swiss"]
[EventDate "2012.05.26"]

1. e4 c5 2. Nf3 e6 3. d4 cxd4 4. Nxd4 Nf6 5. Nc3 Bb4 6. f3 Nxe4 7. fxe4 Qh4+ 8.
Ke2 Bxc3 9. bxc3 Qxe4+ 10. Be3 e5 11. Nf3 Qc4+ 12. Qd3 Qg4 13. h3 Qe6 14. Ng5
Qc6 15. Qf5 f6 16. Nxh7 Qc4+ 17. Kd2 Qd5+ 18. Bd3 Qxg2+ 19. Qf2 Qd5 20. Qh4 d6
21. Nxf6+ gxf6 22. Qxh8+ Kd7 23. c4 Qg2+ 24. Be2 Kc7 25. Rhg1 Qh2 26. Qxf6 Qxh3
27. Qf7+ Nd7 28. Rh1 Qg2 29. Rag1 Qc6 30. Rh7 Qa4 31. Bg4 Qa5+ 32. Kd1 Qa4 33.
Be6 a5 34. Rgg7 Kb8 35. Bxd7 Bxd7 36. Rh8+ Kc7 37. Rxa8 e4 38. Rgg8 Kc6 39.
Qd5+ Kc7 40. Qf7 Kc6 41. Rgc8+ Bxc8 42. Rxc8# 1-0

[Event "DEM U10 2012"]
[Site "Oberhof GER"]
[Date "2012.05.27"]
[Round "2"]
[White "Kück, Artur"]
[Black "Preißler, Niklas"]
[Result "1/2-1/2"]
[Termination "normal"]
[Board "19"]
[WhiteElo "1212"]
[BlackElo "1393"]
[PlyCount "43"]
[WhiteFideId "12965120"]
[BlackFideId "12927554"]
[EventCountry "GER"]
[EventRounds "11"]
[EventType "swiss"]
[EventDate "2012.05.26"]

1. c4 c5 2. Nc3 Nc6 3. g3 g6 4. Bg2 Bg7 5. e3 e6 6. Nge2 Nge7 7. b3 O-O 8. Bb2
d5 9. d3 dxc4 10. dxc4 Qc7 11. O-O a6 12. Qc2 Rb8 13. Rad1 Bd7 14. Qb1 Rfd8 15.
Qa1 Nf5 16. Rd2 Nce7 17. Rfd1 Bc6 18. e4 Nd4 19. Nxd4 cxd4 20. Ne2 e5 21. f3
Qb6 22. Rd3 1/2-1/2

[Event "DEM U10 2012"]
[Site "Oberhof GER"]
[Date "2012.05.27"]
[Round "2"]
[White "Pajeken, Jakob Leon"]
[Black "Arnold, Leander"]
[Result "0-1"]
[Termination "normal"]
[Board "20"]
[WhiteElo "1385"]
[BlackElo "1221"]
[PlyCount "64"]
[WhiteFideId "12942839"]
[BlackFideId "12990230"]
[EventCountry "GER"]
[EventRounds "11"]
[EventType "swiss"]
[EventDate "2012.05.26"]

1. e4 e5 2. Nf3 Nc6 3. Bc4 Bc5 4. O-O Nf6 5. d4 exd4 6. e5 Ng4 7. Bf4 f6 8.
exf6 Nxf6 9. Re1+ Be7 10. Nxd4 Na5 11. Bf1 O-O 12. Bxc7 Qxc7 13. Rxe7 Nc6 14.
Nxc6 Qxc6 15. Na3 d5 16. c4 Be6 17. cxd5 Nxd5 18. Bb5 Qb6 19. Rxe6 Qxe6 20.
Qxd5 Qxd5 21. Bc4 Qxc4 22. Nxc4 Rac8 23. Ne3 Rc5 24. Rd1 Rfc8 25. h3 Rc1 26.
Rxc1 Rxc1+ 27. Kh2 Rb1 28. Nc4 Rc1 29. Ne3 Kf7 30. Kg3 Rc6 31. Ng4 Rc2 32. Ne5+
Ke7 0-1

[Event "DEM U10 2012"]
[Site "Oberhof GER"]
[Date "2012.05.27"]
[Round "2"]
[White "Renger, Niklas"]
[Black "Stork, Oliver"]
[Result "1-0"]
[Termination "normal"]
[Board "21"]
[WhiteElo "1622"]
[BlackElo "1216"]
[PlyCount "27"]
[WhiteFideId "12908096"]
[BlackFideId "12955728"]
[EventCountry "GER"]
[EventRounds "11"]
[EventType "swiss"]
[EventDate "2012.05.26"]

1. e4 e5 2. Nf3 Nc6 3. d4 exd4 4. Nxd4 Bc5 5. Nxc6 bxc6 6. Bd3 Nf6 7. O-O O-O
8. Nc3 d5 9. Bg5 Bb4 10. e5 Bxc3 11. bxc3 h6 12. exf6 hxg5 13. Qh5 g6 14. Bxg6
1-0